000 00425nam a2200157Ia 4500
008 160316s1956 xxu||||| |||| 00| 0 eng d
082 _a342.000000
_bMAR-3
100 _aMarkose A T
245 _aJudicial control of administrative action in India : A study in methods
250 _a
260 _aMadras
_bMadras Law Journal
_c1956
300 _a752p
_b
_c
365 _b
650 _a1. Administrative Law
700 _a
_a
999 _c35642
_d35642